|
|
|
|
| LEADER |
03479nam a2200601 4500 |
| 001 |
978-3-319-61633-9 |
| 003 |
DE-He213 |
| 005 |
20191022023116.0 |
| 007 |
cr nn 008mamaa |
| 008 |
170711s2018 gw | s |||| 0|eng d |
| 020 |
|
|
|a 9783319616339
|9 978-3-319-61633-9
|
| 024 |
7 |
|
|a 10.1007/978-3-319-61633-9
|2 doi
|
| 040 |
|
|
|d GrThAP
|
| 050 |
|
4 |
|a TA703-705.4
|
| 072 |
|
7 |
|a RB
|2 bicssc
|
| 072 |
|
7 |
|a SCI019000
|2 bisacsh
|
| 072 |
|
7 |
|a RB
|2 thema
|
| 082 |
0 |
4 |
|a 624.151
|2 23
|
| 245 |
1 |
0 |
|a Materials for Sustainable Infrastructure
|h [electronic resource] :
|b Proceedings of the 1st GeoMEast International Congress and Exhibition, Egypt 2017 on Sustainable Civil Infrastructures /
|c edited by Leslie Struble, Gabriele Tebaldi.
|
| 250 |
|
|
|a 1st ed. 2018.
|
| 264 |
|
1 |
|a Cham :
|b Springer International Publishing :
|b Imprint: Springer,
|c 2018.
|
| 300 |
|
|
|a XII, 354 p. 206 illus.
|b online resource.
|
| 336 |
|
|
|a text
|b txt
|2 rdacontent
|
| 337 |
|
|
|a computer
|b c
|2 rdamedia
|
| 338 |
|
|
|a online resource
|b cr
|2 rdacarrier
|
| 347 |
|
|
|a text file
|b PDF
|2 rda
|
| 490 |
1 |
|
|a Sustainable Civil Infrastructures,
|x 2366-3405
|
| 505 |
0 |
|
|a 1 Evaluation of Non-Nuclear Alternatives to Replace the Nuclear Density Gauge during Compaction Quality Control of Unbound Pavement Layers -- 2 Quantifying the Mechanistic and Economic Impacts of using Asphalt Rubber Mixtures -- 3 Fuzzy Logyc based madeling for pavement characterization -- 4 Impact of a Poly-olefin Based Additive on Bitumen and Asphalt Mix Performance -- 5 Influence of Mix Parameters on Development of Sulfur Modified Bituminous Paving Mixes with Sand.
|
| 520 |
|
|
|a This volume includes a unique group of chapters focusing on new advances in materials for infrastructure sustainability. Chapters have been well-organized and handled by a group of international experts in order to discuss a timely topic with regards to the sustainable infrastructures. This volume is part of the proceedings of the 1st GeoMEast International Congress and Exhibition on Sustainable Civil Infrastructures, Egypt 2017.
|
| 650 |
|
0 |
|a Geotechnical engineering.
|
| 650 |
|
0 |
|a Engineering geology.
|
| 650 |
|
0 |
|a Engineering-Geology.
|
| 650 |
|
0 |
|a Foundations.
|
| 650 |
|
0 |
|a Hydraulics.
|
| 650 |
|
0 |
|a Buildings-Design and construction.
|
| 650 |
|
0 |
|a Building.
|
| 650 |
|
0 |
|a Construction.
|
| 650 |
|
0 |
|a Engineering, Architectural.
|
| 650 |
|
0 |
|a Engineering design.
|
| 650 |
1 |
4 |
|a Geotechnical Engineering & Applied Earth Sciences.
|0 http://scigraph.springernature.com/things/product-market-codes/G37010
|
| 650 |
2 |
4 |
|a Geoengineering, Foundations, Hydraulics.
|0 http://scigraph.springernature.com/things/product-market-codes/T23020
|
| 650 |
2 |
4 |
|a Building Construction and Design.
|0 http://scigraph.springernature.com/things/product-market-codes/T23012
|
| 650 |
2 |
4 |
|a Engineering Design.
|0 http://scigraph.springernature.com/things/product-market-codes/T17020
|
| 700 |
1 |
|
|a Struble, Leslie.
|e editor.
|4 edt
|4 http://id.loc.gov/vocabulary/relators/edt
|
| 700 |
1 |
|
|a Tebaldi, Gabriele.
|e editor.
|4 edt
|4 http://id.loc.gov/vocabulary/relators/edt
|
| 710 |
2 |
|
|a SpringerLink (Online service)
|
| 773 |
0 |
|
|t Springer eBooks
|
| 776 |
0 |
8 |
|i Printed edition:
|z 9783319616322
|
| 776 |
0 |
8 |
|i Printed edition:
|z 9783319616346
|
| 830 |
|
0 |
|a Sustainable Civil Infrastructures,
|x 2366-3405
|
| 856 |
4 |
0 |
|u https://doi.org/10.1007/978-3-319-61633-9
|z Full Text via HEAL-Link
|
| 912 |
|
|
|a ZDB-2-EES
|
| 950 |
|
|
|a Earth and Environmental Science (Springer-11646)
|